Leading Change in Your School. (Record no. 24660)

MARC details
000 -LEADER
fixed length control field 00654nam a22001937a 4500
003 - CONTROL NUMBER IDENTIFIER
control field OSt
005 - DATE AND TIME OF LATEST TRANSACTION
control field 20260618094438.0
008 - FIXED-LENGTH DATA ELEMENTS--GENERAL INFORMATION
fixed length control field 260618b |||||||| |||| 00| 0 eng d
020 ## - INTERNATIONAL STANDARD BOOK NUMBER
International Standard Book Number 978 14 16 60 8080
040 ## - CATALOGING SOURCE
Transcribing agency Chuka University.
050 ## - LIBRARY OF CONGRESS CALL NUMBER
Classification number LB 2805
Item number . R4 2009
100 ## - MAIN ENTRY--PERSONAL NAME
Personal name Reeves Douglas B.
9 (RLIN) 29821
245 ## - TITLE STATEMENT
Title Leading Change in Your School.
Remainder of title How to Conquer Myths, Build Commitment, and Get Results.
260 ## - PUBLICATION, DISTRIBUTION, ETC.
Place of publication, distribution, etc. Alexandria.
Name of publisher, distributor, etc. Association for Supervision and Curriculum Development.
300 ## - PHYSICAL DESCRIPTION
Extent 179p.
650 ## - SUBJECT ADDED ENTRY--TOPICAL TERM
Topical term or geographic name entry element Educational Change-United States.
9 (RLIN) 28252
650 ## - SUBJECT ADDED ENTRY--TOPICAL TERM
Topical term or geographic name entry element Educational Leadership-United States.
9 (RLIN) 27697
942 ## - ADDED ENTRY ELEMENTS (KOHA)
Source of classification or shelving scheme Library of Congress Classification
Koha item type Long Loan Books
Suppress in OPAC No

No items available.

Powered by Koha